000 00471nam a2200181Ia 4500
008 221030s9999 xx 000 0 und d
020 _a0071188851
041 _aEnglish
082 _a105.23
_bXia
100 _aZ. Xiang
245 0 _aSchaum`s Theory & Problems Of Computer Graphics
_cby Z. Xiang, R. A. Plastock
250 _a2nd
260 _bMcGraw-Hill Pub.
_aNew Delhi
_c2001
300 _a347
650 _aBE Computer
700 _aR. A. Plastock
942 _cBK
999 _c8332
_d8332